01376nam a2200289 a 4500001001000000005001700010008004100027041000800068044000800076084002000084100004500104245009300149260004500242300001700287440004100304500017000345500005300515500021000568500001000778546002400788650005200812650005600864650003400920650004500954700003700999740005001036BRCA_333420190320204229.0250309s1885----enk#---###---#000-0#eng-# aeng aenk a628b.R68c18851 aCervantes Saavedra, Miguel ded1547-161610aEl Ingenioso Hidalgo Don Quixote de la ManchacComposed by Miguel de Cervantes Saavedra. aLondresbGeorge Routledge and Sonsc1885 a2 v.c19 cm. 0aMorley´s Universal Libraryv25 y 26 aContenido : v.1. Primera parte. Introducción de H. Morley. Versos preliminares. Prólogo de Cervantes (1605). -- v.2. Segunda parte. Prólogo de Cervantes (1615) aEdición : With an Introduction by Henry Morley aEdición económica de la traducción de Jarvis, con una introducción en la que H. Morley esbosa una biografía de Cervantes, sin aportar datos de importancia. Tela; planos adornados Lúdovik Osterc aQM970 aTexto en : inglés14aNovela españolayÉpoca clásica, 1500-170014aLiteratura españolayÉpoca clásica, 1500-170014aNovela españolaySiglo XVII14aDon Quijote (Personaje ficticio)eNovela1 aMorley, Henryd1822-1894eEditor0 aEl Ingenioso Hidalgo Don Quijote de la Mancha